The medieval Deccan : (Record no. 20925)

MARC details
000 -LEADER
fixed length control field 01158cam a2200325 a 4500
001 - CONTROL NUMBER
control field 2028076
003 - CONTROL NUMBER IDENTIFIER
control field BDDh-ASL
005 - DATE AND TIME OF LATEST TRANSACTION
control field 20231015025941.0
008 - FIXED-LENGTH DATA ELEMENTS--GENERAL INFORMATION
fixed length control field 931112s1991 ii b b 001 0 eng
010 ## - LIBRARY OF CONGRESS CONTROL NUMBER
LC control number 91900829
020 ## - INTERNATIONAL STANDARD BOOK NUMBER
International Standard Book Number 0195623096 :
Terms of availability Rs250.00
025 ## - OVERSEAS ACQUISITION NUMBER
Overseas acquisition number I-E-66831
040 ## - CATALOGING SOURCE
Original cataloging agency DLC
Transcribing agency DLC
Modifying agency DLC
-- BDDh-ASL
041 1# - LANGUAGE CODE
Language code of text/sound track or separate title engund
043 ## - GEOGRAPHIC AREA CODE
Geographic area code a-ii---
050 00 - LIBRARY OF CONGRESS CALL NUMBER
Classification number HD1537.I4
Item number F85 1991
082 ## - DEWEY DECIMAL CLASSIFICATION NUMBER
Classification number 954.8
Item number FUM
100 1# - MAIN ENTRY--PERSONAL NAME
Personal name Fukazawa, Hiroshi,
Dates associated with a name 1931-1986.
245 14 - TITLE STATEMENT
Title The medieval Deccan :
Remainder of title peasants, social systems, and states, sixteenth to eighteenth centuries /
Statement of responsibility, etc. Hiroshi Fukazawa.
260 ## - PUBLICATION, DISTRIBUTION, ETC.
Place of publication, distribution, etc. Delhi ;
-- New York :
Name of publisher, distributor, etc. Oxford University Press,
Date of publication, distribution, etc. 1991.
300 ## - PHYSICAL DESCRIPTION
Extent xiv, 252 p. :
Other physical details map ;
Dimensions 22 cm.
500 ## - GENERAL NOTE
General note Translated from Japanese.
504 ## - BIBLIOGRAPHY, ETC. NOTE
Bibliography, etc. note Includes bibliographical references and index.
650 #0 - SUBJECT ADDED ENTRY--TOPICAL TERM
Topical term or geographic name entry element Peasants
Geographic subdivision India
-- Deccan
General subdivision History.
650 #0 - SUBJECT ADDED ENTRY--TOPICAL TERM
Topical term or geographic name entry element Agriculture and state
Geographic subdivision India
-- Deccan
General subdivision History
Chronological subdivision 18th century.
650 #0 - SUBJECT ADDED ENTRY--TOPICAL TERM
Topical term or geographic name entry element Agriculture
General subdivision Economic aspects
Geographic subdivision India
-- Deccan
Chronological subdivision 18th century.
906 ## - LOCAL DATA ELEMENT F, LDF (RLIN)
a 7
b cbc
c orignew
d 3
e ncip
f 19
g y-gencatlg
942 ## - ADDED ENTRY ELEMENTS (KOHA)
Source of classification or shelving scheme Dewey Decimal Classification
Koha item type Books
Holdings
Withdrawn status Lost status Source of classification or shelving scheme Damaged status Not for loan Collection code Home library Current library Shelving location Date acquired Source of acquisition Total Checkouts Full call number Barcode Date last seen Copy number Price effective from Koha item type Public note
    Dewey Decimal Classification   Not For Loan Non-fiction Asiatic Society Library Asiatic Society Library Ludden Collection 01/16/2021 Donated by Prof. David Ludden   954.8 FUM 104435 01/16/2021 C-1 01/16/2021 Books RARE

Powered by Koha